00165nam a2200073Ia 4500008004100000020000600041100002300047245002100070211105s9999 xx 000 0 und d a" a HADITHI, Mwenye  0aVerruklike vark